| 000 | 00821nam a22002297a 4500 | ||
|---|---|---|---|
| 003 | OSt | ||
| 005 | 20251103020718.0 | ||
| 008 | 251103b |||||||| |||| 00| 0 eng d | ||
| 020 | _a978-971-27-3779-4 | ||
| 040 |
_aDWCL - Main Lib _cOC |
||
| 082 |
_aFil. 899.210301 D136v 2023 _22nd |
||
| 100 | _aDalisay, Jose Y., Jr. | ||
| 245 |
_aVoyager and Other Fictions : _bThe Collected Stories of Jose Dalisay / _cJose Y. Dalisay, Jr. |
||
| 250 | _a2nd | ||
| 260 |
_aMandaluyong City, Philippines : _bAnvil Publishing, Inc., _cc2023. |
||
| 300 |
_axxx , 461 pages ; _c20 cm. |
||
| 650 | _a1. Dalisay, Jose - Literary Works | ||
| 650 | _a2. Philippine Fiction (English) | ||
| 650 | _a3. Short Stories, Philippines (English) | ||
| 700 | _aI. Cristina Pantoja-Hidalgo (Introduction) | ||
| 942 |
_2ddc _cBK - FIL _mFil. _n0 _e2nd |
||
| 999 |
_c5377 _d5377 |
||